Villes de la Région Pokémon de Hoenn sur la carte - Statistiques

Statistiques générales
  • Ce quiz a été pris 1 351 fois
    1 325 depuis la dernière actualisation
  • Le résultat moyen est 13 sur 16
Réponses sur la Carte
Les réponses sont colorées sur une échelle allant du rouge au vert en fonction du pourcentage des utilisateurs qui les ont devinées à leur premier essai. Vous pouvez retrouver ces pourcentages ci-dessous.
 
Statistiques - réponses
Réponse % Correct
Bourg-en-Vol
88%
Atalanopolis
87%
Village Myokara
85%
Lavandia
82%
Poivressel
82%
Cimetronelle
81%
Clémenti-ville
81%
Mérouville
81%
Vermilava
78%
Eternara
77%
Pacifiville
77%
Nénucrique
76%
Algatia
75%
Vergazon
74%
Rosyères
72%
Autequia
66%
Aucun quiz correspondant
Distribution des résultats
% des personnes avec chaque résultat
Percentile par nombre de réponses
Votre historique - résultats
Vous n’avez pas pris ce quiz depuis la dernière actualisation